00459 2200181 4500001002100000008004100021035002000062245005000082100001900132250000600151260003800157300001200195020002200207084001400229082000800243650001400251990001200265INLIS000000000001169 ind  a0010-0524000404 aListrik dan MagnetcProf. Yohanes Surya, Ph.D aSurya, Yohanes a1 aTangerang :bPT. KandelcMei 2017 a331 hlm a978-602-6878-33-5 a530 YOH l a530 aNon Fiksi a0744931